Spišské múzeum udeľovalo výročné ceny

Bibliographic Details
Format: Article
Language:Slovak
PhysicalDescription:Fotogr.
Subjects:

MARC

LEADER 00000cab a2200000 ar4500
001 vtls009291206
003 SK-MaSNL
005 20260305010128.0
008 080502c2008 xo wr|p|||||||000 b|slo
038 |a PPPK 
040 |a PPPKCL  |b slo  |c PPPKCL  |e AACR2 
041 0 |a slo 
044 |a xo  |c SK 
080 |a 069:06.068  |x (437.6)  |2 2001 
080 |a 06.068  |2 2001 
245 0 0 |a Spišské múzeum udeľovalo výročné ceny  |c [autor] (mna) 
300 |b Fotogr. 
610 2 7 |a Spišské múzeum (Levoča, Slovensko)  |2 pppkcl  |9 32714 
630 0 7 |a Pohľady do minulosti Acta musaei scepusiensis 2007 (zborník)  |2 pppkcl  |9 1585307 
648 7 |a za r. 2007  |2 pppkcl  |9 1031848 
650 0 7 |a múzeá  |2 pppkcl  |9 4119 
650 0 7 |a múzejníctvo  |2 pppkcl  |9 20819 
650 0 7 |a Benefactor musaei Scepusiensis (cena)  |2 pppkcl  |9 1217956 
650 0 7 |a výročné ceny  |2 pppkcl  |9 1079046 
651 7 |a Levoča (Slovensko)  |2 pppkcl  |9 26696 
773 0 |t Podtatranské noviny  |g Roč. XLIX, č. 3 (2008), s. 2 
852 |a PPPK  |b KIS3GCP 
999 |c 3244813  |d 3246743